000 01423cam a22003854a 4500
001 12989553
003 SISC
005 20160204121529.0
008 021101s2004 nyua j b 001 0 eng
010 _a 2002153250
020 _a0823942023 (lib. bdg.)
040 _aDLC
_cDLC
_dDLC
042 _apcc
_alcac
050 0 0 _aRC 155
_b.R67 2004
082 0 0 _aHS 616.9
_bR71 2004
100 1 _aRosaler, Maxine.
_911173
245 1 0 _aListeriosis /
_cMaxine Rosaler.
250 _a1st ed.
260 _aNew York :
_bRosen Pub. Group,
_c2004.
300 _a64 p. :
_bcol. ill. ;
_c24 m.
440 0 _aEpidemics
_910216
504 _aIncludes bibliographical references (p. 60) and index.
505 0 _aListeriosis: a short history -- The spread of listeriosis -- Outbreaks --The culprits -- The need for change.
520 _aDiscusses the symptoms, effects, outbreaks, and prevention of Listeriosis, a disease caused by eating contaminated food, and examines how scientists track its source.
650 0 _aListeriosis
_vJuvenile literature.
_911174
650 1 _aListeriosis.
_911175
650 1 _aDiseases.
_910221
650 1 _aFood poisoning.
_911176
650 1 _aEpidemics.
_910219
906 _a7
_bcbc
_corignew
_d1
_eecip
_f20
_gy-gencatlg
942 _2lcc
_cBK
999 _c8789
_d8789